Sports Quiz

Random Sports or Soccer Quiz

Highest Transfer Fees Quiz Stats

 Plays Quiz Updated Oct 3, 2019

Score 0/30 Timer 04:00
10 Plays Today
Acquiring Team (Year) Player % Correct
Real Madrid (2009)Cristiano Ronaldo
98.4%
Paris Saint-Germain (2017)Neymar
98.3%
Juventus (2018)Cristiano Ronaldo
98%
Manchester United (2016)Paul Pogba
94.3%
Real Madrid (2013)Gareth Bale
93.7%
Barcelona (2013)Neymar
93.7%
Paris Saint-Germain (2018)Kylian Mbappé
92.7%
Barcelona (2018)Philippe Coutinho
87.1%
Barcelona (2019)Antoine Griezmann
84.2%
Barcelona (2017)Ousmane Dembélé
84.1%
Barcelona (2014)Luis Suárez
83%
Atletico Madrid (2019)João Félix
81.6%
Real Madrid (2019)Eden Hazard
80.6%
Juventus (2016)Gonzalo Higuain
76.7%
Manchester United (2017)Romelu Lukaku
76.6%
Acquiring Team (Year) Player % Correct
Manchester United (2019)Harry Maguire
73.8%
Real Madrid (2001)Zinédine Zidane
73.7%
Manchester United (2014)Ángel Di María
72.7%
Liverpool (2017)Virgil van Dijk
70.3%
Real Madrid (2009)Kaká
64.5%
Juventus (2019)Matthijs de Ligt
62.9%
Real Madrid (2014)James Rodríguez
61%
Chelsea (2018)Kepa
59.9%
Manchester City (2019)Rodri
57.2%
Manchester City (2015)Kevin De Bruyne
56.3%
Barcelona (2009)Zlatan Ibrahimović
54.7%
Bayern Munich (2019)Lucas Hernández
48.6%
Manchester City (2018)Riyad Mahrez
39.9%
Atletico Madrid (2018)Thomas Lemar
38.3%
Barcelona (2019)Frenkie de Jong
33.6%

You're not logged in!

Compare scores with friends on all Sporcle quizzes.
OR
Log In

Sporcle TV

Today on Sporcle TV


Watch our educational content, quiz creation guides, and fun videos on Sporcle TV.

Show Comments

Extras

Top Quizzes Today


Score Distribution

Your Account Isn't Verified!

In order to create a playlist on Sporcle, you need to verify the email address you used during registration. Go to your Sporcle Settings to finish the process.

Report this User

Report this user for behavior that violates our Community Guidelines.

Details: